Lofts : (Record no. 28305)

MARC details
000 -LEADER
fixed length control field 01217nam a22003375i 4500
003 - CONTROL NUMBER IDENTIFIER
control field EG-ScBUE
005 - DATE AND TIME OF LATEST TRANSACTION
control field 20200309131814.0
008 - FIXED-LENGTH DATA ELEMENTS--GENERAL INFORMATION
fixed length control field 200219s2007 sp o f 000 0 eng d
020 ## - INTERNATIONAL STANDARD BOOK NUMBER
International Standard Book Number 9783833146329
040 ## - CATALOGING SOURCE
Original cataloging agency EG-ScBUE
Language of cataloging eng
Description conventions rda
Transcribing agency EG-ScBUE
Modifying agency EG-ScBUE
041 1# - LANGUAGE CODE
Language code of text/sound track or separate title eng
Language code of original and/or intermediate translations of text spa
082 04 - DEWEY DECIMAL CLASSIFICATION NUMBER
Classification number 747.88314
Item number LOF
Edition number 22
110 2# - MAIN ENTRY--CORPORATE NAME
Corporate name or jurisdiction name as entry element Arco Editorial Team,
Relator term author.
240 10 - UNIFORM TITLE
Uniform title <a href="Lofts : vivir, trabajar y comprar en un loft.">Lofts : vivir, trabajar y comprar en un loft.</a>
Language of a work English
245 10 - TITLE STATEMENT
Title Lofts :
Remainder of title living, working, and trading in a loft /
Statement of responsibility, etc Arco Team ; editor, Lola Gómez ; translator, Matthew Clarke.
250 ## - EDITION STATEMENT
Edition statement English edition.
264 #1 - PUBLICATION, DISTRIBUTION, ETC. (IMPRINT)
Place of publication, distribution, etc Barcelona, Spain :
Name of publisher, distributor, etc H. f. ullmann / Tandem Verlag GmbH :
-- Loft Publications,
Date of publication, distribution, etc 2007.
300 ## - PHYSICAL DESCRIPTION
Extent 999 pages :
Other physical details photographs ;
Dimensions 22 cm
336 ## - CONTENT TYPE
Content type term text
Content type code txt
Source rdacontent
336 ## - CONTENT TYPE
Content type term still image
Content type code sti
Source rdacontent
337 ## - MEDIA TYPE
Media type term unmediated
Media type code n
Source rdamedia
338 ## - CARRIER TYPE
Carrier type term volume
Carrier type code nc
Source rdacarrier
546 ## - LANGUAGE NOTE
Language note Text in English; translated from original Spanish.
650 #7 - SUBJECT ADDED ENTRY--TOPICAL TERM
Topical term or geographic name as entry element Lofts.
Source of heading or term BUEsh
650 #7 - SUBJECT ADDED ENTRY--TOPICAL TERM
Topical term or geographic name as entry element Lofts
General subdivision Remodeling for other use.
Source of heading or term BUEsh
653 ## - INDEX TERM--UNCONTROLLED
Resource For college Engineering, Architecture
Arrived date list March2020
700 ## - ADDED ENTRY--PERSONAL NAME
Personal name Gómez, Lola,
Relator term editor.
700 1# - ADDED ENTRY--PERSONAL NAME
Personal name Clarke, Matthew,
Relator term translator.
942 ## - ADDED ENTRY ELEMENTS (KOHA)
Source of classification or shelving scheme Dewey Decimal Classification
Koha item type Book - Borrowing
Holdings
Withdrawn status Lost status Source of classification or shelving scheme Damaged status Not for loan Collection code Home library Current library Shelving location Date acquired Source of acquisition Total Checkouts Full call number Barcode Date last seen Price effective from Koha item type
    Dewey Decimal Classification     unknown Central Library Central Library Second Floor 09/03/2020 Purchase   747.88314 LOF 000048941 15/07/2025 09/03/2020 Book - Borrowing